| 000 | 00713nam a22002537a 4500 | ||
|---|---|---|---|
| 001 | 0144 | ||
| 003 | DO-SdBNP | ||
| 005 | 20151120104656.0 | ||
| 007 | 0144 | ||
| 008 | 151005b1987 xxu 00| 0 spa d | ||
| 020 | _a0395395631 | ||
| 040 |
_aBPMSU _bspa _cBPMSU |
||
| 092 |
_aXXXX _bXXXX |
||
| 100 | 1 | _aBarrera, Rosalinda B. | |
| 245 | 1 | 0 |
_aBanderas / _cRosalinda B. Barrera, Alan N. Crawford |
| 260 |
_aBoston, Estados Unidos : _bHoughton mifflin company, _c1987. |
||
| 300 |
_a478 p. : _bil., retrs. _c24 cm. |
||
| 500 | _aPrograma de lectura en español de Houghton Mifflin | ||
| 521 | 1 | _aA partir de los 12 años | |
| 700 | 1 | _aCrawford, Alan N. | |
| 910 | _a202 | ||
| 942 |
_2ddc _cBK |
||
| 956 | _aYngrid Lockward | ||
| 999 |
_c8839 _d8839 |
||